Pohyby nielen majetku Všetky investičné spoločnosti a fondy nesklamali, tvrdí generálny riaditeľ VÚB INVEST HOLDING, a.s.
Pozícia VÚB Invest Holding, a.s., na slovenskom kapitálovom trhu. Kontrola potvrdila dobré hospodárenie spoločnosti. Spolupráca so zahraničím. Súčasný útlm kapitálového trhu. Únik financií a informácií v niektorých spoločnostiach.
Salvato in:
| Autore principale: | |
|---|---|
| Altri autori: | |
| Natura: | Capitolo di libro |
| Lingua: | slovacco |
| Soggetti: | |
| Tags: |
Nessun Tag, puoi essere il primo ad aggiungerne!!
|
MARC
| LEADER | 00000naa a2200000 4500 | ||
|---|---|---|---|
| 001 | r018241 | ||
| 005 | 20221205102000.5 | ||
| 041 | 0 | |a slo | |
| 044 | |a SK | ||
| 245 | 1 | 0 | |a Pohyby nielen majetku |b Všetky investičné spoločnosti a fondy nesklamali, tvrdí generálny riaditeľ VÚB INVEST HOLDING, a.s. |c K. Melocík, Emília Herzogová |
| 520 | |a Pozícia VÚB Invest Holding, a.s., na slovenskom kapitálovom trhu. Kontrola potvrdila dobré hospodárenie spoločnosti. Spolupráca so zahraničím. Súčasný útlm kapitálového trhu. Únik financií a informácií v niektorých spoločnostiach. | ||
| 610 | 2 | 0 | |a Slovensko |
| 610 | 2 | 0 | |a VÚB Invest Holding, a.s. Bratislava |
| 610 | 2 | 0 | |a spoločnosti investičné |
| 610 | 2 | 0 | |a fondy investičné |
| 610 | 2 | 0 | |a trh kapitálový |
| 610 | 2 | 0 | |a akcie |
| 610 | 2 | 0 | |a ochrana dát |
| 100 | 1 | |a Melocík, K. | |
| 700 | 1 | |a Herzogová, Emília | |